Guess the Fusion Rock Song Lyrics #222 - Statistics

General Stats
  • This quiz has been taken 12 times
  • The average score is 217 of 277
Answer Stats
Answer % Correct
a
100%
be
100%
I
100%
love
100%
to
100%
will
100%
you
100%
always
90%
can
90%
if
90%
In
90%
in
90%
me
90%
My
90%
my
90%
night
90%
so
90%
the
90%
The
90%
there
90%
we
90%
and
80%
And
80%
by
80%
day
80%
feel
80%
is
80%
Just
80%
know
80%
one
80%
with
80%
With
80%
your
80%
All
70%
days
70%
ever
70%
every
70%
follow
70%
Genesis
70%
give
70%
need
70%
nights
70%
Oh
70%
oh
70%
safe
70%
see
70%
side
70%
Stay
70%
stay
70%
that
70%
you'll
70%
are
60%
arms
60%
at
60%
but
60%
each
60%
for
60%
here
60%
I'm
60%
live
60%
now
60%
passing
60%
Right
60%
year
60%
single
50%
spend
50%
tear
50%
while
50%
Alone
40%
better
40%
dark
40%
hand
40%
hope
40%
say
40%
secure
40%
such
40%
Close
30%
long
30%
perfect
30%
slowly
30%
smile
30%
away
20%
clearly
20%
drifting
20%
very
20%
Fading
10%
fears
10%
No matching quizzes found
Score Distribution
Percent of People with Each Score
Percentile by Number Answered
Your Score History
You have not taken this quiz